| 000 | 01474cam a22002891i 4500 | ||
|---|---|---|---|
| 003 | SA-RiAUC | ||
| 005 | 20250826043509.0 | ||
| 008 | 250823s1995 ua g 00000 ara c | ||
| 040 |
_aSA-RiAUC _bara _cSA-RiAUC _erda |
||
| 082 | 0 | 4 |
_a258.1 _qSA-RiAUC |
| 090 |
_a258.1 _bس ب ط |
||
| 100 | 1 |
_aسبط ابن الجوزي، يوسف بن قزأوغلي بن عبد الله، _d581-654 هجري _eمؤلف. |
|
| 245 | 1 | 2 |
_aالانتصار والترجيح للمذهب الصحيح / _cتأليف أبي المظفر جمال الدين يوسف بن فرغل بن عبد الله البغدادي ؛ شرح وتعليق محمد زاهد بن الحسن الكوثري. |
| 264 | 1 |
_aالقاهرة : _bالمكتبة الأزهرية للتراث، _c1995. |
|
| 264 | 3 |
_a[مكان الطبع غير محدد] : _bدار التوفيق النموذجية للطباعة |
|
| 300 |
_a37 صفحة ؛ _c24 سم. |
||
| 336 |
_aنص _btxt _2rdacontent _3كتاب |
||
| 337 |
_aبدون وسيط _bn _2rdamedia |
||
| 338 |
_aمجلد _bnc _2rdacarrier |
||
| 490 | 0 |
_aمن تراث الكوثري ؛ _v1 |
|
| 600 | 1 | 7 |
_aأبو حنيفة، النعمان بن ثابت التيمي، _d80-150 هجري _2aucnm |
| 650 | 7 |
_aالفقه الحنفي _2aucsh |
|
| 650 | 7 |
_aالفقه الإسلامي _xمذاهب _2aucsh |
|
| 700 | 1 |
_aالكوثري، محمد زاهد بن الحسن، _d1879-1952 _eشارح. |
|
| 942 |
_2ddc _cBOOK _n0 |
||
| 949 |
_aSA-JeALM _d250823 _umohamedma123 _n1 |
||
| 999 |
_c11114 _d11114 |
||